10 Biggest Constellations by Area - Statistics

General Stats
  • This quiz has been taken 50 times
  • The average score is 8 of 10
Answer Stats
Area Constellation % Correct
1302.844 Hydra
94%
1279.660 Ursa Major
94%
1120.794 Pegasus
85%
1060.422 Centaurus
74%
1082.952 Draco
74%
1137.919 Eridanus
74%
1294.428 Virgo
74%
1231.411 Cetus
71%
1225.148 Hercules
68%
979.854 Aquarius
65%
No matching quizzes found
Score Distribution
Percent of People with Each Score
Percentile by Number Answered
Your Score History
You have not taken this quiz